1776 1699 1364 1739 1155 1926 1752 1083 1402 1055 1745 1577 1923 1789 1681 1742 1241 1819 1780 1505 1904 1555 1744 1787 1860 1303 1770 1358 1012 1137 1145 1149 1321 1992 1525 1035 1926 1084 1227 1815 1712 1693 2000 1174 1198 1704 1192 1729 1822 1613 1216 1777 1237 1812 1731 1553 1746 1925 1297 1756 1412 1838 1313 1116 1287 1483 1377 1645 1119 1080 1083 1293 1880 1573 1318 1671 1789 1333 1075 1237 1178 1865 1979 1170 1967 1949 1885 1879 1460 1940 1780 1507 1119 1671 1289 1556 1628 1024 1931 BCNSPRNW ULIB Ver.6.0+V

เปลี่ยนเป็นภาษาไทย

Change to English
 แสดงรายละเอียดบรรณานุกรม
  กลับหน้าหลัก

Brief Record : Get Marc (ISO 2709) : E-mail record : QR code < ปิดหน้าต่าง
LEADER : 00000nam 2200000uu 4500
001    13399114464
003     ULIB
008    120403s||||||||th 000 0 tha d
020    ^a9789744225696
060 04 ^aWB115^bร641อ
100 0  ประเสริฐ ธนกิจจารุ
245 00 ^aอายุรศาสตร์ราชวิถี =^bBest practice in clinical medicine/^cบรรณาธิการ,ประเสริฐ ธนกิจจารุ,กิตติ ชื่นยง,สกานต์ บุนนาค,นภา ศิริวัฒนากุล,สถิตย์ นิริมิตรมหาปัญญา
246 31 ^aBest practice in clinical medicine 2010
250    ^aพิมพ์ครั้งที่ 1
260    ^aกรุงเทพฯ :^bกรุงเทพเวชสาร,^c2553
300    ^a[ก]-ฌ, 392 หน้า :^bภาพประกอบ ;^c27 ซม.
650  2 ^aMedicine
650  4 ^aการแพทย์
650  4 ^aอายุรศาสตร์
650  4 ^aการรักษาโรค
650  4 ^aการวินิจฉัยโรค
700 0  กิตติ ชื่นยง,^eบรรณาธิการ
700 0  สกานต์ บุนนาค,^eบรรณาธิการ
700 0  นภา ศิริวัฒนากุล,^eบรรณาธิการ
700 0  สถิตย์ นิริมิตรมหาปัญญา,^eบรรณาธิการ
945    ^p0^l0^i031588
995    ^aทศพร
999 ^a ทศพร
รายการนี้ยังไม่มีแท็ก
คุณยังไม่ได้ล็อกอิน คุณสามารถมีกิจกรรมร่วมกับเว็บไซต์ได้ แต่ต้องล็อกอินก่อน ::
  ล็อกอิน

รายการสื่อสารสนเทศ

ลำดับที่ ประเภท เลขเรียก/บาร์โค้ด สถานที่ สถานะ
1. วิทยาศาสตร์การแพทย์ และสุขภาพ
หนังสือสำรอง
สถานะ=หนังสือสำรอง
WB115 ร641อ ฉ.1 
  Barcode: 031588
ห้องสมุดวิทยาเขตสวรรค์ประชารักษ์
►ส่วนจัดเก็บหนังสือเก่า สปร
บนชั้น
  ขอยืม

รายการใกล้เคียง
    ผู้แต่ง [ประเสริฐ ธนกิจจารุ]

    หัวเรื่อง [Medicine]
    หัวเรื่อง [การแพทย์]
    หัวเรื่อง [อายุรศาสตร์]
    หัวเรื่อง [การรักษาโรค]
    หัวเรื่อง [การวินิจฉัยโรค]

BibComment


ยังไม่เคยถูกคอมเมนท์

คอมเมนท์ทรัพยากรรายการนี้
  คอมเมนท์: อายุรศาสตร์ราชวิ..


 Copyright 2026. Bcnsprnw @Library